000 00750cai a22001815a 4500
001 E150734
008 100825u xxk g 000 0 eng d
035 _a(Sirsi) u150734
041 0 _aeng
110 2 _aScottish Renewables
_95878
245 0 0 _aScottish renewables
_h[electronic resource]
520 _aWebsite for Scottish Renewables which represents the renewable energy industry in Scotland. Includes information about renewable energy, as well as news and access to the Scottish Renewables membership directory.
590 _aKA
651 4 _aScotland
_y1999-
690 _aENVIRONMENTAL AND LAND CONSULTANCY-ENERGY
856 4 0 _uhttps://www.scottishrenewables.com/
_zView the website free of charge at www.scottishrenewables.com
942 _n0
999 _c120876
_d120876